000 00369nam a2200133Ia 4500
005 20260326235444.0
008 260326s9999||||xx |||||||||||||| ||und||
100 _aFlores Marini, Carlos
245 0 _aRestauracion de Ciudades /
_cCarlos Flores Marini
260 _bFondo de Cultura Económica
300 _a80 p.
650 _aRESATURACIÓN Y CONSERVACIÓN
942 _cBK
999 _c7524
_d7524